000 00698nas a2200229 4500
001 BR9204535
003 BR-BrBNA
005 20231205092738.0
007 ta
008 230509b bl.|||p| |||| 00| 00por d
040 _aBR-BrBNA
_bpor
_cBiblioteca Nacional de Agricultura
041 _a(Pt)
072 _aL73
100 1 _aSaraiva, D.
245 1 _aBotulismo animal no Rio Grande do Sul; botulismo por tipo C em galinhas
650 _aGALINHA
650 _aBOTULISMO
650 _aRIO GRANDE DO SUL
773 0 _tRevista do Centro de Ciencias Rurais (Brazil)
_xISSN 0085-5901
_g(Jun 1978), v. 8(2) p. 153-159
_wBR9204535
909 _a202311
_bLúcia
_c55
_dLúcia Elande
942 _2AGRIS
_n0
_cANA
999 _c133862
_d133862